| Tag |
First Indicator |
Second Indicator |
Subfields |
| LEADER |
00000cam a22000004a 4500 |
| 001 |
in00002435721 |
| 005 |
20151110040517.0 |
| 008 |
000928s2001 mau b s001 0 eng |
| 010 |
|
|
|a 00048881
|
| 015 |
|
|
|a GBA1-65554
|
| 020 |
|
|
|a 1558492674 (alk. paper)
|
| 020 |
|
|
|a 9781558492677 (alk. paper)
|
| 020 |
|
|
|a 1558492682 (pbk. : alk. paper)
|
| 020 |
|
|
|a 9781558492684 (pbk. : alk. paper)
|
| 029 |
1 |
|
|a UKM
|b bA165554
|
| 029 |
1 |
|
|a NLGGC
|b 227867831
|
| 029 |
1 |
|
|a YDXCP
|b 1684155
|
| 029 |
1 |
|
|a YDXCP
|b 1684156
|
| 029 |
1 |
|
|a NZ1
|b 5882802
|
| 029 |
1 |
|
|a AU@
|b 000023476365
|
| 029 |
1 |
|
|a AU@
|b 000021890757
|
| 035 |
|
|
|a (OCoLC)ocm45122279
|
| 035 |
|
|
|a (OCoLC)45122279
|
| 040 |
|
|
|a DLC
|c DLC
|d C#P
|d VVC
|d BUF
|d UKM
|d WSL
|d NLGGC
|d BAKER
|d BTCTA
|d LVB
|d YDXCP
|d OCLCG
|d UtOrBLW
|
| 042 |
|
|
|a pcc
|
| 043 |
|
|
|a n-us---
|
| 049 |
|
|
|a TXAM
|
| 050 |
0 |
0 |
|a ML3477
|b .A42 2001
|
| 082 |
0 |
0 |
|a 781.64/0973
|2 21
|
| 084 |
|
|
|a 24.65
|2 bcl
|
| 245 |
0 |
0 |
|a American popular music :
|b new approaches to the twentieth century /
|c edited by Rachel Rubin and Jeffrey Melnick.
|
| 264 |
|
1 |
|a Amherst [Mass.] :
|b University of Massachusetts Press,
|c 2001.
|
| 300 |
|
|
|a viii, 280 pages ;
|c 25 cm.
|
| 336 |
|
|
|a text
|b txt
|2 rdacontent
|
| 337 |
|
|
|a unmediated
|b n
|2 rdamedia
|
| 338 |
|
|
|a volume
|b nc
|2 rdacarrier
|
| 504 |
|
|
|a Includes bibliographical references and indexes.
|
| 505 |
0 |
|
|a They work hard for their money: the business of popular music / David Sanjek -- Tin Pan Alley and the Black-Jewish nation / Jeffrey Melnick -- How I got to Memphis: the blues and the study of American culture / James Smethurst -- Listening to jazz / Geoffrey Jacques -- Sing me back home: nostalgia, Bakersfield, and modern Country music / Rachel Rubin -- Off the charts: outrage and exclusion in the eruption of rock and roll / Reebee Garofalo -- Another man is beating my time: gender and sexuality in rhythm and blues / Mark Anthony Neal -- One hundred years of Black Gospel quartet singing / Kip Lornell -- Contextualizing rap / Gail Hilson Woldu -- The folk revival: beyond Child's canon and Sharp's song catching / Millie Rahn -- Polka contrabandista: Mexican ballads in the modern age / Elijah Wald.
|
| 520 |
|
|
|a Designed as a broad introductory survey, and written by experts in the field, this book examines the rise of American music over the past hundred years--the period in which that music came into its own and achieved unprecedented popularity. Beginning with a look at music as a business, eleven essays explore a variety of musical genres, including Tin Pan Alley, blues, jazz, country, gospel, rhythm and blues, rock and roll, folk, rap, and Mexican American corridos. Reading these essays, we come to see that the forms created by one group often appeal to, and are in turn influenced by, other groups, across lines of race, ethnicity, class, gender, region, and age. The chapters speak to one another, arguing for the primacy of such concepts as minstrelsy, urbanization, hybridity, and crossover as the most powerful tools for understanding American popular music.
|
| 650 |
|
0 |
|a Popular music
|z United States
|x History and criticism.
|
| 650 |
1 |
7 |
|a Populaire muziek.
|2 gtt
|
| 650 |
|
6 |
|a Musique populaire
|z États-Unis
|x Histoire et critique.
|
| 700 |
1 |
|
|a Rubin, Rachel,
|d 1964-
|
| 700 |
1 |
|
|a Melnick, Jeffrey Paul.
|
| 938 |
|
|
|a Baker & Taylor
|b BKTY
|c 24.95
|d 24.95
|i 1558492682
|n 0003552015
|s active
|
| 938 |
|
|
|a Baker and Taylor
|b BTCP
|n 00048881
|
| 938 |
|
|
|a YBP Library Services
|b YANK
|n 1684156
|
| 938 |
|
|
|a Baker & Taylor
|b BKTY
|c 50.00
|d 50.00
|i 1558492674
|n 0003550330
|s active
|
| 948 |
|
|
|a cataloged
|b h
|c 2008/12/19
|d c
|e ceaton
|f 1:57:17 pm
|
| 994 |
|
|
|a C0
|b TXA
|
| 999 |
|
|
|a MARS
|
| 999 |
f |
f |
|s a0d4fe0b-5d35-3482-8717-694347d2cc83
|i 6ddbfb19-a0dd-32c1-a607-5f9c9a363bc9
|t 0
|
| 952 |
f |
f |
|p normal
|a Texas A&M University
|b College Station
|c Sterling C. Evans Library
|d Evans: Library Stacks
|t 0
|e ML3477 .A42 2001
|h Library of Congress classification
|i unmediated -- volume
|m A14837537247
|
| 998 |
f |
f |
|a ML3477 .A42 2001
|t 0
|l Evans: Library Stacks
|